| 000 | 00963nam a22002295i 4500 | ||
|---|---|---|---|
| 001 | 167438 | ||
| 003 | ES-MaACL | ||
| 005 | 20251012063059.0 | ||
| 008 | 050928s1902 sp | |||||||| ||spa d | ||
| 080 | _a794.9:17 | ||
| 100 | 1 |
_aVidal Rodríguez, Manuel, _d1871-1941 _9175684 |
|
| 245 | 1 | 3 |
_aLa pasión del juego : _bconferencia pronunciada en el Círculo Católico Obrero de Maceda (Orense) / _cpor el presbítero D. Manuel Vidal. |
| 260 |
_aMadrid : _b[s.n.], _c1902 ( _fEst. Tip. a cargo de Antonio Haro) |
||
| 300 |
_a43 p. ; _c19 cm. |
||
| 530 | _aDisponible en formato digital. | ||
| 650 | 4 |
_aJuegos de azar- _xAspectos morales. _9175685 |
|
| 700 | 1 |
_aHaro, Antonio. _9127790 |
|
| 752 |
_aEspaña - _dMadrid |
||
| 852 | 4 |
_aES-MaACL _jT-22-F-2 _z- Enc. hol., conservando la enc. original _z- Enc. en un vol. facticio |
|
| 856 | 4 |
_uhttp://bdh-rd.bne.es/viewer.vm?id=0000260593&page=1 _zBiblioteca Digital Hispánica |
|
| 999 |
_c167438 _d167438 |
||